Velazquez /

Hlavní autor: Spurný, Jan, 1909-1988
Jazyk: Slovenština
Vydáno: Bratislava : Slovenské vydavateľstvo krásnej literatúry, 1956
Edice: Knižnica výtvarného umenia
Témata:
Fyzický popis: 134 s. : il. ; 23 cm
Knihy
Uloženo v:
LEADER 01328nam a22003612a 4500
001 000090775
003 CZ BrMZK
005 20110624112751.0
007 ta
008 960707s1956 xo f slo d
040 |a ABA001  |b cze 
043 |a e-sp--- 
045 |a u1u6 
072 7 |a 75  |x Malířství  |2 Konspekt  |9 21 
080 |a 75.034.7  |2 MRF 
080 |a (084.11)  |2 MRF 
100 1 |a Spurný, Jan,  |d 1909-1988  |7 jz8600965  |4 aut 
245 1 0 |a Velazquez /  |c Jan Spurný 
260 |a Bratislava :  |b Slovenské vydavateľstvo krásnej literatúry,  |c 1956 
300 |a 134 s. :  |b il. ;  |c 23 cm 
490 1 |a Knižnica výtvarného umenia ;  |v zv. 22 
504 |a Obsahuje bibliografii 
600 1 7 |a Velázquez, Diego,  |d 1599-1660  |7 jn20000701886  |2 czenas 
648 7 |a 17. století  |7 ch460555  |2 czenas 
650 0 7 |a španělské malířství  |7 ph127855  |y 17. stol.  |2 czenas 
650 0 7 |a barokní malířství  |7 ph118762  |z Španělsko  |2 czenas 
655 7 |a obrazové publikace  |7 fd132947  |2 czenas 
830 0 |a Knižnica výtvarného umenia 
910 |a BOA001  |b PK-0014.562  |b 2-0832.139 
920 |a 000161429 
990 |a BK 
996 6 |b 2619937072  |c 2-0832.139  |l MZK  |r Sklad / do 1 hodiny  |n 4  |w 000090775  |u 000020  |a 1  |e BOA001  |j MZK50  |s P 
996 7 |b 3119970474  |c PK-0014.562  |l MZK  |r Sklad / do 1 hodiny  |n 21  |w 000090775  |u 000010  |a 1  |e BOA001  |j MZK50  |s A